Hybridní aktér: nový fenomén na poli nestátních aktérů

Prístupy k výskumu neštátnych aktérov používajúcich násilie. Klasifikácia a charakteristika hlavných typov neštátnych aktérov. Warlordizmus. Organizovaný zločin. Povstalectvo. Terorizmus. Špecifické subtypy: mafia, kriminálny terorizmus, milícia, gerila, pirátstvo, gangy. Charakteristika hybridného...

Descrizione completa

Salvato in:
Dettagli Bibliografici
Autore principale: Janků, Martin
Altri autori: Zelinka, Petr
Natura: Capitolo di libro
Lingua:ceco
Soggetti:
Tags: Aggiungi Tag
Nessun Tag, puoi essere il primo ad aggiungerne!!

MARC

LEADER 00000naa$a2200000$$$4500
001 0108651
005 20231016100703.6
041 0 |a cze 
044 |a CZ 
245 1 0 |a Hybridní aktér: nový fenomén na poli nestátních aktérů  |c Martin Janků, Petr Zelinka 
520 |a Prístupy k výskumu neštátnych aktérov používajúcich násilie. Klasifikácia a charakteristika hlavných typov neštátnych aktérov. Warlordizmus. Organizovaný zločin. Povstalectvo. Terorizmus. Špecifické subtypy: mafia, kriminálny terorizmus, milícia, gerila, pirátstvo, gangy. Charakteristika hybridného aktéra. Podporné faktory hybridizácie. Spolupráca a väzby medzi jednotlivými aktérmi. 
610 2 0 |a politika medzinárodná 
610 2 0 |a konflikty 
610 2 0 |a vojny 
610 2 0 |a organizácie 
610 2 0 |a terorizmus 
610 2 0 |a svet 
100 1 |a Janků, Martin 
700 1 |a Zelinka, Petr